000 00489nam a22001817a 4500
003 CEME
005 20210628205236.0
008 210223b xxu||||| |||| 00| 0 eng d
020 _a0-02-380141-7
040 _c.
082 _a620.3 MEI'P
100 _aMeirovitch, Leonard
_935826
245 _aPrinciples and techniques of vibrations
260 _aNEWJERSCY
_bPRENTICE HALL
_c1997
300 _aX,694P
650 _aMECHANICS ANALYSIS VIBRATION MATHEMATICS
_974538
942 _cBK
_2ddc
999 _c580059
_d580059